Statistiques concernant Paroles - Savoir aimer - Florent Pagny

Cliquez ici pour prendre le quiz!

Statistiques générales

  • Ce quiz a été pris 480 fois
  • Le résultat moyen est 208 sur 262

Statistiques - réponses

Réponse% Correct
À
100%
à
100%
aimé,
99%
Savoir
99%
savoir
99%
s'en
99%
Sans
98%
sans
98%
aimer
96%
aimer,
96%
Aimer
96%
Rien
96%
rien
96%
le
95%
qui
95%
Qui
95%
en
94%
En
94%
Et
94%
Pas
94%
sourire,
94%
apprendre
93%
Apprendre
93%
attendre
93%
attendre,
93%
ne
93%
Ne
93%
pour
93%
Pour
93%
un
93%
une
93%
que
92%
aller.
91%
aller,
91%
de
91%
retour,
91%
inconnue
90%
passe,
90%
passé.
90%
tout,
90%
tout
90%
les
89%
Se
88%
se
88%
donne
87%
faire
87%
ce
86%
geste,
86%
prendre,
86%
reste
86%
du
85%
ni
85%
Ni
85%
vouloir
84%
Vouloir
84%
amour,
83%
donner
83%
donner,
83%
Donner
83%
vivre
83%
Vivre
83%
aucune
80%
grand
80%
la
80%
même
80%
trace,
80%
plaisir
77%
celle
76%
d'être
76%
Mais
74%
qu'apprendre
73%
l'espoir
72%
garder
71%
N'en
71%
reprendre,
70%
Sinon
70%
par
68%
on
66%
comme
62%
Comme
62%
plus.
58%
bonheur
57%
erreur,
55%
Qu'on
55%
y
54%
plein
52%
vous
51%
égard,
49%
Goûter
49%
l'attendait
44%
ses
44%
sur
44%
relever
40%
souffrir
40%
Souffrir
40%
demi-mesure
38%
mourir
38%
jusqu'au
37%
malgré
37%
Rester
37%
rester.
37%
yeux,
37%
Avec
36%
bout
36%
deux,
36%
qu'en
36%
Tant
35%
tant
35%
tire
35%
trait
35%
cendres,
34%
croire
34%
fermant
34%
renaît
34%
peur
33%
rêver
33%
vide
32%
miroirs
31%
ternissent
31%
armure
30%
silence,
30%
voir
30%
murmure,
29%
revendre
29%
d'amour
27%
autant
26%
rature
26%
rides
23%
tromper
22%
défense
16%
Ancrée
9%

Distribution des résultats

Percentile par nombre de réponses

% des personnes avec chaque résultat

Votre développement - résultats

Vous n’avez pas pris ce quiz